[Event "11th IHEM"]
[Site "Hamburg GER"]
[Date "2008.05.13"]
[Round "4"]
[White "Parligras,M"]
[Black "Bogner,S"]
[Result "1/2-1/2"]
[WhiteElo "2561"]
[BlackElo "2423"]

1.e4 c5 2.Nc3 d6 3.Nf3 Nf6 4.d4 cxd4 5.Nxd4 a6 6.Be3 e5 7.Nde2 Be7 8.Ng3 O-O
9.Bc4 Be6 10.Bb3 Nc6 11.Nd5 Bxd5 12.exd5 Na5 13.Nf5 Re8 14.O-O Qc8 15.Nxe7+ Rxe7
16.c3 Nxb3 17.axb3 Ng4 18.Bb6 e4 19.f3  1/2-1/2

[Event "43rd Capablanca Memorial Open"]
[Site "Havana CUB"]
[Date "2008.05.13"]
[Round "6"]
[White "Alvarez Marquez,J"]
[Black "Quesada Perez,Y"]
[Result "1/2-1/2"]
[WhiteElo "2413"]
[BlackElo "2311"]

1.e4 c5 2.Nf3 d6 3.d4 cxd4 4.Nxd4 Nf6 5.Nc3 a6 6.Be3 e5 7.Nf3 Qc7 8.a4 h6
9.a5 Be6 10.Be2 Nbd7 11.O-O Be7 12.Nd5 Nxd5 13.exd5 Bg4 14.Bd3 Nc5 15.h3 Bh5
16.Bxc5 Qxc5 17.g4 Bg6 18.Bxg6 fxg6 19.Qd3 O-O 20.Nd2 Rf4 21.Ne4 Qd4 22.Qxd4 exd4
23.f3 Rc8 24.c3 dxc3 25.bxc3 Bf6 26.Kg2 Be5 27.Ra3 Rf7 28.Rd1 g5  1/2-1/2

[Event "43rd Capablanca Memorial Open"]
[Site "Havana CUB"]
[Date "2008.05.13"]
[Round "6"]
[White "Ortiz Suarez,I"]
[Black "Sanchez,V"]
[Result "1-0"]
[WhiteElo "2405"]
[BlackElo "2210"]

1.e4 c5 2.Nf3 d6 3.d4 cxd4 4.Nxd4 Nf6 5.Nc3 a6 6.Be3 e6 7.f3 b5 8.Qd2 b4
9.Nce2 e5 10.Nb3 Nc6 11.c4 Be6 12.Ng3 h5 13.Bd3 h4 14.Ne2 Be7 15.h3 Nh5 16.O-O g5
17.Rfd1 Nf4 18.Kh2 a5 19.Rac1 O-O 20.Nxf4 gxf4 21.Bf2 Kg7 22.Na1 Qb8 23.b3 Qb7
24.Nc2 Nb8 25.Rb1 Nd7 26.a3 Rab8 27.axb4 axb4 28.Be1 Nc5 29.Nxb4 Qc8 30.Bc2 Rh8
31.Nd5 Bf8 32.Qc3 f6 33.Ra1 Rb7 34.Ra3 Bf7 35.Rda1 Ne6 36.Bf2 Ng5 37.Ra8 Qe6
38.R1a7 Rxa7 39.Rxa7 Rh6 40.b4 Kg8 41.Bb3 f5 42.c5 Qg6 43.Rxf7 Nxf7 44.c6 fxe4
45.c7 e3 46.Be1  1-0

[Event "I Open"]
[Site "Augustow POL"]
[Date "2008.05.14"]
[Round "6"]
[White "Sabuk,P"]
[Black "Ostrowska,D"]
[Result "1-0"]
[WhiteElo "2044"]
[BlackElo "1829"]

1.e4 c5 2.Nf3 d6 3.d4 cxd4 4.Nxd4 Nf6 5.Nc3 a6 6.Be3 e6 7.Be2 Be7 8.O-O O-O
9.f4 Qc7 10.Bf3 Nbd7 11.Qd2 Nb6 12.Qf2 Nc4 13.Bc1 Rb8 14.b3 Na5 15.Bb2 b5
16.a3 Bb7 17.Kh1 Rfd8 18.Qg3 Ne8 19.Rad1 Nc6 20.Nxc6 Bxc6 21.Rd3 a5 22.Ne2 Qb7
23.Re3 Bf6 24.Nd4 d5 25.e5 Be7 26.f5 Bc5 27.fxe6 fxe6 28.Bg4 Bd7 29.Bxe6+ Kh8
30.Bxd7 Qxd7 31.e6 Qd6 32.e7  1-0

[Event "11th IHEM"]
[Site "Hamburg GER"]
[Date "2008.05.14"]
[Round "6"]
[White "Lanka,Z"]
[Black "Adly,A"]
[Result "1/2-1/2"]
[WhiteElo "2473"]
[BlackElo "2578"]

1.e4 c5 2.Nf3 d6 3.d4 Nf6 4.Nc3 cxd4 5.Nxd4 a6 6.Be3 e5 7.Nb3 Be7 8.f3 Be6
9.Qd2 Nbd7 10.g4 O-O 11.O-O-O b5 12.g5 Nh5 13.Rg1 Qc7 14.Nd5 Bxd5 15.exd5 Nb6
16.Kb1 g6 17.Rg4 Rfc8 18.Na5 Nf4 19.Bxf4 exf4 20.c3 Qc5  1/2-1/2

[Event "43rd Capablanca Memorial Open"]
[Site "Havana CUB"]
[Date "2008.05.15"]
[Round "8"]
[White "Diaz Ordonez,C"]
[Black "Tapie Amione,P"]
[Result "0-1"]
[WhiteElo "2245"]
[BlackElo "2194"]

1.e4 c5 2.Nf3 d6 3.d4 cxd4 4.Nxd4 Nf6 5.Nc3 a6 6.Be3 e5 7.Nb3 Be6 8.f3 Nbd7
9.g4 Nb6 10.g5 Nh5 11.Qd2 Be7 12.O-O-O O-O 13.Rg1 Rc8 14.Kb1 Qc7 15.Qf2 Bd8
16.h4 g6 17.Bd3 f6 18.gxf6 Rxf6 19.Qd2 Be7 20.Nd5 Nxd5 21.exd5 Bf5 22.Be4 Rcf8
23.Qe2 Qd7 24.Bh6 Rc8 25.Nd2 Rf7 26.Nc4 Qb5 27.b3 Bxe4 28.Qxe4 Qc5 29.Ne3 Bf8
30.Ng4 Bg7 31.Bg5 Rfc7 32.Rg2 Rf8 33.Nf2 Rcf7 34.Nd3 Qd4 35.Be3 Qxe4 36.fxe4 Rf3
37.Bb6 Bf6 38.Bc7 Be7 39.c4 Rc8 40.Bb6 Bxh4 41.c5 Be7 42.Rc2 Nf6 43.Rc4 Nd7
44.cxd6 Rxc4 45.bxc4 Bxd6 46.Bg1 b6 47.Kc2 Rf8 48.Kd2 Rc8 49.Rc1 h5 50.Bxb6 Nxb6
51.c5 Bf8 52.Rg1 Nd7 53.Rxg6+ Kh7 54.Rc6 Rd8 55.Rc7 Kh6 56.Ke2 Kg5 57.c6 Nf6
58.Nxe5 Re8 59.Nf3+ Kg4 60.Nd2 Nxd5 61.Rd7 Nf4+ 62.Kd1 Rc8 63.c7 Ne6 64.Rf7 Rxc7
65.Rf6 Re7 66.Nc4 Bg7 67.Ne3+ Kg5 68.Rf5+ Kg6 69.Ra5 Nc7 70.Rc5 Rxe4 71.Nf5 Ne6
72.Ra5 Bc3  0-1

[Event "Mayors Cup Open"]
[Site "Mumbai IND"]
[Date "2008.05.15"]
[Round "7"]
[White "Ramesh,R"]
[Black "Shyam,N"]
[Result "1-0"]
[WhiteElo "2472"]
[BlackElo "2310"]

1.e4 c5 2.Nf3 d6 3.d4 cxd4 4.Nxd4 Nf6 5.Nc3 a6 6.Be3 e5 7.Nf3 Be7 8.Bc4 O-O
9.O-O Be6 10.Bb3 Nc6 11.Bg5 Qd7 12.Qd3 h6 13.Bxf6 Bxf6 14.Rad1 Rad8 15.Nd5 Bxd5
16.Bxd5 Kh8 17.c3 Be7 18.Rd2 Qc8 19.Rfd1 Nb8 20.Ne1 Nd7 21.Nc2 Nc5 22.Qg3 Ne6
23.Qg4 Bg5 24.Rd3 Nc5 25.Qxc8 Rxc8 26.Rf3 Rc7 27.g3 g6 28.h4 Bd8 29.h5 Kg7
30.Ne3 Bg5 31.Nc4 Nxe4 32.hxg6 Nf6 33.gxf7 Rc5 34.Rxf6 Kxf6 35.Nxd6 Ke7 36.Nxb7 Rb5
37.b4 Rb6 38.a3 h5 39.Re1  1-0

[Event "Mayors Cup Open"]
[Site "Mumbai IND"]
[Date "2008.05.15"]
[Round "7"]
[White "Ramaswamy,A"]
[Black "Dahale,A"]
[Result "1-0"]
[WhiteElo "2298"]
[BlackElo "2118"]

1.e4 c5 2.Nf3 d6 3.d4 cxd4 4.Nxd4 Nf6 5.Nc3 a6 6.Be3 e5 7.Nf3 Qc7 8.Bg5 Nbd7
9.a4 Be7 10.Nd2 O-O 11.Nc4 h6 12.Bh4 Re8 13.Ne3 d5 14.Bxf6 Nxf6 15.Nexd5 Nxd5
16.Nxd5 Qa5+ 17.c3 Be6 18.Bc4 Bxd5 19.Bxd5 Qc7 20.Qb3 Rf8 21.O-O Rab8 22.Rfd1 Bc5
23.Rd3 Kh8 24.Rf3 f6 25.Rd1 Rbd8 26.Qc2 Rd6 27.Qe2 Qd7 28.b4 Ba7 29.a5 f5
30.c4 Bd4 31.exf5 Rxf5 32.Rxf5 Qxf5 33.Rxd4  1-0

[Event "VI Regina Helena Prol"]
[Site "Santos BRA"]
[Date "2008.05.18"]
[Round "2"]
[White "Diamant,A"]
[Black "Di Berardino,D"]
[Result "0-1"]
[WhiteElo "2407"]
[BlackElo "2431"]

1.e4 c5 2.Nf3 d6 3.d4 cxd4 4.Nxd4 Nf6 5.Nc3 a6 6.Be3 e5 7.Nf3 Be7 8.Bc4 O-O
9.O-O Be6 10.Bb3 Nc6 11.Qe2 Na5 12.Rfd1 Nxb3 13.cxb3 Qe8 14.Bg5 Nh5 15.Qe3 h6
16.Bxe7 Qxe7 17.Nd2 Rad8 18.Nc4 Nf4 19.Rd2 b5 20.Nb6 f5 21.exf5 Qb7 22.Nbd5 Rxf5
23.Rad1 Bxd5 24.Nxd5 Ne6 25.Rc1 Rf7 26.Qe4 Nd4 27.Rd3 Qa7 28.Rd2 Rdf8 29.Ne3 Kh8
30.Kh1 Rc7 31.Rcd1 Qa8 32.Qxa8 Rxa8 33.f3 Rac8 34.Kg1 Rc1 35.Kf2 Kg8 36.Rd3 Rxd1
37.Rxd1 Kf7 38.Re1 Ke6 39.Rd1 d5 40.Kf1 b4 41.Kf2 Rc5 42.f4 Nf5 43.fxe5 Nxe3
44.Kxe3 Kxe5 45.Kd3 Rc7 46.Re1+ Kd6 47.Rf1 Re7 48.Rf4 Kc5 49.Rg4 g5 50.h4 Re5
51.a3 a5 52.axb4+ axb4 53.h5 Re1 54.Rg3 Rd1+ 55.Ke3 Rb1 56.Kf3 Rxb2 57.Kg4 Rf2
58.Re3 Rf4+ 59.Kg3 Rh4 60.Re8 Rxh5 61.Kg4 Rh4+ 62.Kf5 Rf4+ 63.Kg6 Rg4 64.Re2 d4
65.Kxh6 d3 66.Re8 d2 67.Rc8+ Kb5 68.Rd8 Rxg2 69.Kg6 Rg3 70.Rd5+ Kc6 71.Rxd2 Rxb3
72.Kxg5 Rf3 73.Kg4 Rf8  0-1

[Event "Mayors Cup Open"]
[Site "Mumbai IND"]
[Date "2008.05.19"]
[Round "11"]
[White "Shashikant,K"]
[Black "Kranthi,K"]
[Result "1-0"]
[WhiteElo "2356"]
[BlackElo "2101"]

1.e4 c5 2.Nf3 d6 3.d4 cxd4 4.Nxd4 Nf6 5.Nc3 a6 6.Be3 e5 7.Nf3 h6 8.Bc4 Be6
9.Bb3 Nbd7 10.O-O Be7 11.Nh4 Bxb3 12.axb3 g6 13.h3 Nc5 14.Nf3 Ncd7 15.Qd2 g5
16.Nh2 Rc8 17.Rfd1 Qc7 18.Nf1 Nh5 19.Nd5 Qd8 20.c3 Bf8 21.f3 Rg8 22.Bf2 Nf4
23.Ng3 Nxd5 24.Qxd5 Rc6 25.Nf5 Nf6 26.Qd3 h5 27.b4 Be7 28.b5 axb5 29.Ra7 Ra6
30.Rxb7  1-0

[Event "XXVII Open"]
[Site "Zalakarosi HUN"]
[Date "2008.05.24"]
[Round "3"]
[White "Gao,J"]
[Black "Varga,Cs2"]
[Result "0-1"]
[WhiteElo "1883"]
[BlackElo "2356"]

1.e4 c5 2.Nf3 d6 3.d4 cxd4 4.Nxd4 Nf6 5.Nc3 a6 6.Be3 e5 7.Nb3 Be7 8.f3 Be6
9.Qd2 h5 10.O-O-O Nbd7 11.Kb1 Rc8 12.h3 b5 13.a4 bxa4 14.Nxa4 d5 15.Bxa6 Rb8
16.exd5 Nxd5 17.Nc3 Bb4 18.Qd3 Bxc3 19.bxc3 Qa5 20.Bc4 e4 21.fxe4 Nxc3+ 22.Kb2 Nc5
23.Bxe6 Nxd3+ 24.Rxd3 Qa2+ 25.Kxc3 fxe6 26.Bc5 Rc8 27.Kd2 Rxc5 28.Nxc5 Qa5+
29.Rc3 O-O 30.Kd3 Rd8+ 31.Kc4 e5 32.Rd3 Rb8 33.Rf1 Qb5+ 34.Kd5 Rd8+ 35.Ke6 Qc6+
36.Kxe5 Qxc5+ 37.Rd5 Re8+ 38.Kf4 Rf8+ 39.Ke5 Qc3+  0-1

[Event "Doroshkevich mem"]
[Site "Maykop RUS"]
[Date "2008.05.26"]
[Round "3"]
[White "Kruchev,B"]
[Black "Petrushin,A1"]
[Result "0-1"]
[WhiteElo "2263"]
[BlackElo "2426"]

1.e4 c5 2.Nf3 d6 3.d4 cxd4 4.Nxd4 Nf6 5.Nc3 a6 6.Be3 e6 7.f3 b5 8.Qd2 Nbd7
9.g4 Nb6 10.Qf2 Na4 11.Nxa4 bxa4 12.O-O-O Qc7 13.Kb1 Rb8 14.h4 Be7 15.c4 Nd7
16.g5 Nc5 17.Qc2 O-O 18.f4 Nxe4 19.Nxe6 Bxe6 20.Qxe4 d5 21.Qc2 Ba3 22.Bd3 Bxb2
23.Bd2 Qc5 24.Qxa4 Ba3+ 25.Kc2 Rb2+ 26.Kc1 Rfb8  0-1

[Event "ch-CHN w"]
[Site "Beijing CHN"]
[Date "2008.05.30"]
[Round "2"]
[White "Wang Yu A"]
[Black "Zhang Jilin"]
[Result "1/2-1/2"]
[WhiteElo "2387"]
[BlackElo "2361"]

1.e4 c5 2.Nf3 d6 3.d4 cxd4 4.Nxd4 Nf6 5.Nc3 a6 6.Be3 e5 7.Nf3 Be7 8.Bc4 O-O
9.O-O Nc6 10.Qe2 b5 11.Bb3 Na5 12.Rfd1 Qc7 13.Bg5 Nxb3 14.cxb3 Be6 15.Rac1 Qb6
16.Qd2 b4 17.Nd5 Nxd5 18.exd5 Bxg5 19.Nxg5 Bd7 20.Rc4 a5 21.Qd3 f5 22.Ne6 Rf6
23.Rdc1 Re8 24.Nc7 Ref8 25.Ne6 Re8 26.Nc7 Ref8 27.Ne6  1/2-1/2

[Event "ch-PAR"]
[Site "Asuncion PAR"]
[Date "2008.05.31"]
[Round "1"]
[White "Britez,G"]
[Black "Gamarra,R"]
[Result "0-1"]
[WhiteElo "1904"]
[BlackElo "2035"]

1.e4 c5 2.Nf3 d6 3.d4 cxd4 4.Nxd4 Nf6 5.Nc3 a6 6.Be3 e5 7.Nb3 Be7 8.Nd5 Nxd5
9.Qxd5 Qc7 10.c4 Nc6 11.Be2 Be6 12.Qd3 O-O 13.O-O Rac8 14.Rac1 f5 15.f3 f4
16.Bf2 Rcd8 17.Rfd1 g5 18.h3 h5 19.Qc3 b6 20.a4 a5 21.Qe1 Rf7 22.Kf1 Nb4
23.Nd2 Rg7 24.b3 g4 25.hxg4 hxg4 26.Nb1 g3 27.Bg1 Rh7 28.Nc3 Rh1 29.Nd5 Qc5
30.Nxe7+ Kf7  0-1

[Event "ch-FIN"]
[Site "Mantta FIN"]
[Date "2008.06.02"]
[Round "1"]
[White "Nyysti,S"]
[Black "Hartikainen,M"]
[Result "0-1"]
[WhiteElo "2378"]
[BlackElo "2334"]

1.e4 c5 2.Nf3 d6 3.d4 cxd4 4.Nxd4 Nf6 5.Nc3 a6 6.Be3 e5 7.Nb3 Be6 8.Qd2 Be7
9.f3 O-O 10.O-O-O Nbd7 11.g4 Rc8 12.Kb1 Qc7 13.h4 b5 14.g5 b4 15.Nd5 Nxd5
16.exd5 Bf5 17.Bd3 Bxd3 18.Qxd3 a5 19.f4 a4 20.Nd2 exf4 21.Bxf4 Nb6 22.Rhe1 a3
23.Rxe7 Qxe7 24.Ne4 Nc4 25.Re1 Nxb2 26.Qd4 Qc7 27.Nxd6 Qxc2+ 28.Ka1 Nd3 29.Nxc8 Nxe1
30.Ne7+ Kh8  0-1

[Event "XVI Lasker Mem Open A"]
[Site "Barlinek POL"]
[Date "2008.06.03"]
[Round "4"]
[White "Wisniowska,K"]
[Black "Chochoy,P"]
[Result "1-0"]
[WhiteElo "1897"]
[BlackElo "1764"]

1.e4 c5 2.Nf3 d6 3.d4 cxd4 4.Nxd4 Nf6 5.Nc3 a6 6.Be3 e5 7.Nb3 Be7 8.f3 Be6
9.Qd2 h5 10.O-O-O b5 11.Qf2 Nbd7 12.Kb1 Rc8 13.Rg1 Rc6 14.Nd5 Bxd5 15.exd5 Rc8
16.g4 hxg4 17.fxg4 Ne4 18.Qf5 Ng5 19.Bg2 g6 20.Qf2 Nh3 21.Bxh3 Rxh3 22.Rdf1 Rh7
23.g5 Nc5 24.Nd2 Qc7 25.Re1 Na4 26.Rg4 a5 27.Ne4 Qd7 28.Rh4 Rxh4 29.Qxh4 Qf5
30.Nf6+ Bxf6 31.gxf6 Rc4 32.Qh8+ Kd7 33.Qg7 Ke8 34.Qg8+ Kd7 35.Qxf7+ Kc8
36.Qe8+ Kb7 37.Qxb5+  1-0

[Event "XXX Nezhmetdinov Mem"]
[Site "Kazan RUS"]
[Date "2008.06.04"]
[Round "4"]
[White "Ozolin,M"]
[Black "Solodovnichenko,Y"]
[Result "1/2-1/2"]
[WhiteElo "2367"]
[BlackElo "2538"]

1.e4 c5 2.Nf3 d6 3.d4 Nf6 4.Nc3 cxd4 5.Nxd4 a6 6.Be3 e6 7.g4 e5 8.Nf5 g6
9.Bg2 d5 10.Bg5 gxf5 11.Nxd5 Qa5+ 12.Bd2 Qd8 13.Bg5 Qa5+ 14.Bd2 Qd8 15.Bg5  1/2-1/2

[Event "ch-CHN w"]
[Site "Beijing CHN"]
[Date "2008.06.08"]
[Round "11"]
[White "Ding Yixin"]
[Black "Zhang Jilin"]
[Result "0-1"]
[WhiteElo "2292"]
[BlackElo "2361"]

1.e4 c5 2.Nf3 d6 3.d4 cxd4 4.Nxd4 Nf6 5.Nc3 a6 6.Be3 e5 7.Nf3 Be7 8.Bc4 O-O
9.O-O Nc6 10.Re1 Be6 11.Bd5 Rc8 12.Qe2 b5 13.Red1 Qc7 14.Rac1 Na5 15.a4 Nc4
16.Bxc4 Bxc4 17.Qe1 h6 18.axb5 axb5 19.b3 b4 20.Na2 Be6 21.Nxb4 Nxe4 22.c4 Qb7
23.Rb1 f5 24.Nd5 Bxd5 25.Rxd5 Nc3 26.Ra5 Nxb1 27.Qxb1 Ra8 28.Rxa8 Rxa8 29.h3 f4
30.Bd2 Bf6 31.Bc3 e4 32.Nd4 Rb8 33.Kh2 Be5 34.h4 Bf6 35.Qd1 e3 36.fxe3 fxe3
37.g3 Qe4 38.Ne2 Rf8 39.Kg1 Bxc3 40.Nxc3 Qf3 41.Qxf3 Rxf3 42.Ne2 Rf2 43.Nf4 Rb2
44.Kf1 Rxb3 45.Ke2 Rc3 46.Nd5 Rxc4  0-1

[Event "58th ch-RUS w HL"]
[Site "Chelyabinsk RUS"]
[Date "2008.06.08"]
[Round "5"]
[White "Stepovaia,T"]
[Black "Romanko,M"]
[Result "1/2-1/2"]
[WhiteElo "2378"]
[BlackElo "2325"]

1.e4 c5 2.Nf3 d6 3.d4 cxd4 4.Nxd4 Nf6 5.Nc3 a6 6.Be3 e5 7.Nf3 h6 8.a4 Nc6
9.a5 Be6 10.Bb6 Qc8 11.Be2 Nb8 12.Nd5 Nxd5 13.exd5 Bf5 14.c4 Nd7 15.Be3 Be7
16.O-O O-O 17.b4 Qb8 18.Nd2 Bg5 19.Bxg5 hxg5 20.Bg4 Bxg4 21.Qxg4 f5 22.Qxg5 Rf6
23.Ra3 Nf8 24.c5 dxc5 25.bxc5 Qd8 26.d6 Rxd6 27.Qxd8 Rdxd8 28.Nc4 Rac8 29.Nd6 Rc7
30.Nxf5 Rxc5 31.g3 Rb5 32.Re1 g6 33.Ne3 Rc8 34.Ng4 Rcc5 35.Nf6+ Kg7 36.Ne8+ Kg8
37.Nd6 Rb2 38.Ne4 Rcb5 39.Kg2 R2b4 40.h3 Ne6 41.Nf6+ Kg7 42.Ng4 e4 43.Rd1 Rd4
44.Rc1 Rdd5 45.Ra4 Nc5 46.Ra2 Rd7 47.Rc4 Nb3 48.Rxe4 Nxa5 49.Rae2 Nc6 50.Re8 Rbd5
51.Rb2 b5 52.Ra8 a5 53.Rc2 Na7 54.Re2 Rb7 55.Ree8 Rd6 56.Rg8+ Kf7 57.Rae8 Nc6
58.Rgf8+ Kg7 59.Rg8+ Kf7 60.Rgf8+  1/2-1/2

[Event "XXX Nezhmetdinov Mem"]
[Site "Kazan RUS"]
[Date "2008.06.08"]
[Round "8"]
[White "Benza,A"]
[Black "Bashkirov,A"]
[Result "1-0"]
[WhiteElo "2335"]
[BlackElo "2133"]

1.e4 c5 2.Nf3 d6 3.d4 cxd4 4.Nxd4 Nf6 5.Nc3 a6 6.Be3 e6 7.f3 Nbd7 8.g4 h6
9.Qd2 b5 10.O-O-O Bb7 11.h4 b4 12.Na4 Qa5 13.b3 Nc5 14.a3 Nxa4 15.axb4 Qc7
16.bxa4 d5 17.e5 Nd7 18.f4 Nb6 19.Rh3 Nxa4 20.Bf2 Rc8 21.Be1 Rb8 22.Rb3 Bc8
23.f5 Bd7 24.Bxa6 Qa7 25.Qd3 Qb6 26.fxe6 fxe6 27.Qg6+ Kd8 28.Be2 Kc8 29.g5 hxg5
30.hxg5 Rh1 31.Qf7 Rxe1 32.Qxf8+ Kb7 33.Qxg7 Rd8 34.Rxe1 Qxd4 35.Bd3 Qf4+
36.Kb1 Qd2 37.Rf1 Nc3+ 38.Rxc3 Qxc3 39.Qe7 Qc7 40.g6 Ra8 41.g7 Kb6 42.Qc5+ Kb7
43.Qxc7+  1-0

[Event "TCh-BIH"]
[Site "Neum BIH"]
[Date "2008.06.08"]
[Round "5"]
[White "Predojevic,B"]
[Black "Zivkovic,Vj"]
[Result "1/2-1/2"]
[WhiteElo "2641"]
[BlackElo "2429"]

1.e4 c5 2.Nf3 d6 3.d4 cxd4 4.Nxd4 Nf6 5.Nc3 a6 6.Be3 e6 7.a4 b6 8.g4 Bb7
9.Bg2 h6 10.f4 e5 11.Nf5 g6 12.fxe5 dxe5 13.Qxd8+ Kxd8 14.Bxb6+ Ke8 15.Ne3 Bb4
16.O-O-O Nbd7 17.a5 Bxc3 18.bxc3 Bxe4 19.Bxe4 Nxe4 20.Nd5 Rc8 21.Rhe1 Nxc3
22.Nxc3 Rxc3 23.Bd4 Rc6 24.Bxe5 Nxe5 25.Rxe5+ Kf8 26.Rd7 Kg7 27.Ree7 Rf8
28.Ra7 Kf6 29.Reb7 Kg5 30.Rxf7 Rxf7 31.Rxf7 Rc5 32.h3 Rxa5 33.Rf3 Rc5 34.Kd2 a5
35.Ra3  1/2-1/2

[Event "XXX Nezhmetdinov Mem"]
[Site "Kazan RUS"]
[Date "2008.06.09"]
[Round "9"]
[White "Fedotov,I"]
[Black "Sakharov,L"]
[Result "1-0"]
[WhiteElo "1976"]
[BlackElo "2094"]

1.e4 c5 2.Nf3 d6 3.d4 Nf6 4.Nc3 cxd4 5.Nxd4 a6 6.Be3 e6 7.g4 e5 8.Nf5 g6
9.g5 gxf5 10.exf5 Bxf5 11.gxf6 Nd7 12.Qf3 Be6 13.O-O-O b5 14.Nd5 Rc8 15.Bh3 e4
16.Qxe4 Nxf6 17.Nxf6+ Qxf6 18.f4 Bh6 19.Bxe6 Qxe6 20.Qxe6+ fxe6 21.Rxd6 Ke7
22.Rxa6 Rc4 23.Re1 Rhc8 24.Re2 Kf6 25.b3 R4c6 26.Rxc6 Rxc6 27.Bd2 Rd6 28.Bc3+ Kg6
29.Be5 Rd5 30.Kb2 Kf5 31.b4 Rd8 32.c3 Re8 33.Rf2 Rc8 34.Kb3 Ke4 35.a4 bxa4+
36.Kxa4 Kd3 37.Kb3 Bf8 38.Rf3+ Ke4 39.Rh3 h6 40.c4 Ra8 41.c5 Kd5 42.Rd3+ Kc6
43.Kc4 Ra4 44.Rd8 Be7 45.Rc8+ Kd7 46.Rh8 Kc6 47.Bd4 Ra2 48.Rxh6  1-0

[Event "IM"]
[Site "Danang VIE"]
[Date "2008.06.11"]
[Round "1"]
[White "Nguyen Van Huy"]
[Black "Nguyen Hoang Nam"]
[Result "1-0"]
[WhiteElo "2369"]
[BlackElo "2294"]

1.e4 c5 2.Nf3 d6 3.d4 cxd4 4.Nxd4 Nf6 5.Nc3 a6 6.Be3 e6 7.Qf3 Nbd7 8.Be2 Qc7
9.g4 b5 10.g5 Ne5 11.Qh3 b4 12.Ncb5 axb5 13.gxf6 Bd7 14.f4 Nc4 15.f5 Nxe3
16.Qxe3 Qc5 17.fxe6 fxe6 18.e5 Qxe5 19.Qxe5 dxe5 20.Nxb5 Ra5 21.fxg7 Bxg7
22.Nd6+ Ke7 23.Ne4 Bc6 24.Bd3 Bh6 25.Ke2 Rg8 26.Rhg1 Rxg1 27.Rxg1 Rxa2 28.b3 Ra8
29.Rg4 Bf8 30.Nd2 e4 31.Nxe4 Ra5 32.Ng3 Re5+ 33.Kf2 Kf7 34.Bxh7 Bc5+ 35.Kf1 Bb5+
36.Kg2 Re1 37.h4 e5 38.Bg6+ Kf8 39.h5 Rg1+ 40.Kh2 Bc6 41.Rc4 Rg2+ 42.Kh3 Bf2
43.Nf5  1-0

[Event "ch-Panamerican U20"]
[Site "Cali COL"]
[Date "2008.06.12"]
[Round "5"]
[White "Flores Rios,M"]
[Black "Chavarro,J"]
[Result "1-0"]
[WhiteElo "2391"]
[BlackElo "2062"]

1.e4 c5 2.Nf3 d6 3.d4 cxd4 4.Nxd4 Nf6 5.Nc3 a6 6.Be3 e5 7.Nb3 Be6 8.f3 Nbd7
9.g4 Be7 10.Qd2 Rc8 11.O-O-O b5 12.g5 Nh5 13.Nd5 Bxd5 14.exd5 Nb6 15.Na5 Nxd5
16.Qxd5 Qxa5 17.Bh3 Rc4 18.Qa8+ Qd8 19.Qxa6 O-O 20.Qxb5 Qc7 21.Bb6 Rxc2+
22.Kb1 Qc4 23.Bf1 Qxb5 24.Bxb5 Rg2 25.a4 Rb8 26.a5 Rxg5 27.a6 Rxb6 28.a7 Rxb5
29.a8=Q+ Bf8 30.Rhg1 Rf5 31.Rxd6  1-0

[Event "IM"]
[Site "Danang VIE"]
[Date "2008.06.14"]
[Round "6"]
[White "Nguyen Van Huy"]
[Black "Nava,R"]
[Result "0-1"]
[WhiteElo "2369"]
[BlackElo "2345"]

1.e4 c5 2.Nf3 d6 3.d4 cxd4 4.Nxd4 Nf6 5.Nc3 a6 6.Be3 e6 7.Be2 Qc7 8.f4 b5
9.a3 Bb7 10.Bf3 Nbd7 11.O-O Rc8 12.Nb3 Be7 13.g4 h6 14.Qe2 g5 15.fxg5 hxg5
16.Bxg5 Nxg4 17.Bf4 Nge5 18.Bg3 Bh4 19.Bxh4 Rxh4 20.Qe3 d5 21.Rf2 Nxf3+ 22.Qxf3 Ne5
23.Qf6 Rg4+ 24.Kf1 Rg8 25.Qh4 dxe4 26.Qh7 Rf8 27.Nxe4 Ng4 28.Qh4 Ne3+ 29.Kg1 Rg8+
30.Ng3 Qc6 31.Rd2 Qh1+ 32.Kf2 Qg2+ 33.Kxe3 Qf3+ 34.Kd4 Rc4+  0-1

[Event "IM"]
[Site "Danang VIE"]
[Date "2008.06.14"]
[Round "6"]
[White "Nguyen Hoang Nam"]
[Black "Dao Thien Hai"]
[Result "0-1"]
[WhiteElo "2294"]
[BlackElo "2502"]

1.e4 c5 2.Nf3 d6 3.d4 cxd4 4.Nxd4 Nf6 5.Nc3 a6 6.Be3 e5 7.Nb3 Be6 8.f3 Nbd7
9.Qd2 Be7 10.O-O-O O-O 11.g4 Qc7 12.g5 Nh5 13.Rg1 b5 14.Nd5 Bxd5 15.exd5 Nb6
16.Na5 Nxd5 17.Qxd5 Qxa5 18.Bh3 Qb4 19.Rg4 Nf4 20.Bxf4 exf4 21.Rg2 Ra7 22.Qd4 Qxd4
23.Rxd4 Rc7 24.Rxf4 Rc5 25.Rf5 Rfc8 26.Rxc5 Rxc5 27.f4 Rc4 28.Rf2 Rxf4  0-1

[Event "8th TCh-Euro U18"]
[Site "Szeged HUN"]
[Date "2008.06.16"]
[Round "3"]
[White "Mihok,O"]
[Black "Plaskan,J"]
[Result "1-0"]
[WhiteElo "2352"]
[BlackElo "2149"]

1.e4 c5 2.Nf3 d6 3.d4 cxd4 4.Nxd4 Nf6 5.Nc3 a6 6.Be3 e5 7.Nb3 Be6 8.Qd2 Nbd7
9.O-O-O b5 10.f4 Qc7 11.Kb1 Rc8 12.g3 Nb6 13.Bxb6 Qxb6 14.Bg2 Be7 15.Rhe1 O-O
16.h3 a5 17.Nd5 Bxd5 18.exd5 a4 19.Na5 Nd7 20.Nc6 Bf6 21.a3 Qc5 22.Be4 g6
23.f5 Nb6 24.h4 Nc4 25.Qc1 Qf2 26.fxg6 fxg6 27.Rd3 Rc7 28.Rf1 Qc5 29.h5 h6
30.Qxh6 Bg7 31.Rxf8+ Bxf8 32.Qxg6+ Rg7 33.Qe6+ Kh8 34.h6 Qg1+ 35.Ka2 Rg8
36.Qf6+  1-0

[Event "8th TCh-Euro U18 Girls"]
[Site "Szeged HUN"]
[Date "2008.06.16"]
[Round "3"]
[White "Deur,Z"]
[Black "Papp,P"]
[Result "1/2-1/2"]
[WhiteElo "2009"]
[BlackElo "2067"]

1.e4 c5 2.Nf3 d6 3.d4 cxd4 4.Nxd4 Nf6 5.Nc3 a6 6.Be3 e5 7.Nde2 Ng4 8.Qd2 Nxe3
9.Qxe3 Be6 10.O-O-O Be7 11.Kb1 O-O 12.f4 Qa5 13.f5 Bd7 14.Nd5 Bd8 15.g4 Nc6
16.g5 Qc5 17.Qg3 Rc8 18.Nec3 Nd4 19.Rg1 Kh8 20.f6 g6 21.Qh4 h5 22.Rg3 Kg8
23.Bh3 Bxh3 24.Rxh3 b5 25.a3 a5 26.Qg4 Rb8 27.Qd7 Ra8 28.Qg4 Rb8  1/2-1/2

[Event "8th TCh-Euro U18 Girls"]
[Site "Szeged HUN"]
[Date "2008.06.17"]
[Round "4"]
[White "Purgar,I"]
[Black "Vombek,S"]
[Result "1/2-1/2"]
[WhiteElo "2065"]
[BlackElo "1888"]

1.e4 c5 2.Nf3 d6 3.d4 cxd4 4.Nxd4 Nf6 5.Nc3 a6 6.Be3 e5 7.Nde2 Be7 8.Qd2 O-O
9.f3 Be6 10.O-O-O Qc7 11.g4 Rc8 12.g5 Nfd7 13.h4 Nb6 14.Ng3 N8d7 15.Kb1 Nc5
16.h5 d5 17.exd5 Nxd5 18.Bh3 Nxc3+ 19.Qxc3 Bxh3 20.Rxh3 Ne6 21.Qxc7 Rxc7
22.Ne4 Rd8 23.Rxd8+ Bxd8  1/2-1/2

[Event "8th TCh-Euro U18"]
[Site "Szeged HUN"]
[Date "2008.06.17"]
[Round "4"]
[White "Kaphle,Se"]
[Black "Petenyi,T"]
[Result "1-0"]
[WhiteElo "2113"]
[BlackElo "2251"]

1.e4 c5 2.Nf3 d6 3.d4 cxd4 4.Nxd4 Nf6 5.Nc3 a6 6.Be3 e6 7.f3 b5 8.a4 b4 9.Na2 e5
10.Nb3 d5 11.exd5 Nxd5 12.Bf2 Be6 13.Bc4 Nc6 14.O-O Be7 15.Qe2 Qc8 16.Bg3 Nb6
17.Bxe6 Qxe6 18.Nac1 O-O 19.Nd3 f6 20.Bf2 Nd5 21.Rad1 Rfc8 22.Rfe1 Qf7 23.Qe4 Rd8
24.Qc4 Rac8 25.Ndc5 Nb8 26.Qe4 Bf8 27.Rd2 Nf4 28.Red1 Rxd2 29.Rxd2 Ne6 30.Qxb4 Nd7
31.Qb7 Rc7 32.Qxc7 Nxc7 33.Rxd7 Bxc5 34.Rxf7 Bxf2+ 35.Kxf2 Kxf7 36.Nc5 Ke7
37.c4 f5 38.a5 Kd6 39.b4 h5 40.h4 Kc6 41.Ke3 Kd6 42.g3 g6 43.Kd3 Kc6 44.Kd2 Kd6
45.Kc3 Kc6 46.Kb3 f4 47.gxf4 exf4 48.Kc3 g5 49.hxg5 h4 50.g6 Ne8 51.Ne4 h3
52.Nf2 h2 53.Kd4 Nd6 54.Ke5 Nxc4+ 55.Ke6 Ne3 56.g7 Nd1 57.Nh1  1-0

[Event "8th TCh-Euro U18 Girls"]
[Site "Szeged HUN"]
[Date "2008.06.17"]
[Round "4"]
[White "Osmanodja,F"]
[Black "Hitter,G"]
[Result "1-0"]
[WhiteElo "1984"]
[BlackElo "2073"]

1.e4 c5 2.Nf3 d6 3.d4 cxd4 4.Nxd4 Nf6 5.Nc3 a6 6.Be3 e5 7.Nf3 Be7 8.Bc4 O-O
9.O-O h6 10.Bb3 Be6 11.Nh4 Kh7 12.Nf5 Nxe4 13.Qg4 Ng5 14.h4 Bxf5 15.Qxf5+ g6
16.Qg4 h5 17.Qb4 Ne6 18.Qxb7 Nd7 19.Ne4 Rb8 20.Qxa6 d5 21.Bxd5 Nc7 22.Qc4 Rb4
23.Qd3 Bxh4 24.Bb3 Qe7 25.c3 Rbb8 26.g3 f5 27.gxh4 fxe4 28.Qxe4 Nf6 29.Bg5 Rbe8
30.Qc6 e4 31.Rad1 Qe5 32.Rd6 Ncd5 33.Bxd5 Ng4 34.Rd7+ Kh8 35.Qc7  1-0

[Event "FSGM June"]
[Site "Budapest HUN"]
[Date "2008.06.19"]
[Round "13"]
[White "Sethuraman,S"]
[Black "Duong The Anh"]
[Result "0-1"]
[WhiteElo "2425"]
[BlackElo "2403"]

1.e4 c5 2.Nf3 d6 3.d4 Nf6 4.Nc3 cxd4 5.Nxd4 a6 6.Be3 e5 7.Nb3 Be6 8.Qd2 Be7
9.O-O-O Ng4 10.g3 Nd7 11.f4 Nxe3 12.Qxe3 Qb6 13.Qf3 Nf6 14.f5 Bd7 15.g4 h6
16.h4 Bc6 17.g5 hxg5 18.hxg5 Rxh1 19.gxf6 Rxf1 20.Qxf1 Bxf6 21.Rxd6 Qe3+
22.Nd2 Rd8 23.Rd3 Rxd3 24.Qxd3 Qe1+ 25.Nd1 Bg5 26.Qd6 Qxd2+ 27.Qxd2 Bxd2+
28.Kxd2 Bxe4 29.Ne3 Ke7 30.c4 Kf6 31.c5 Bxf5 32.b4 Bd7 33.Nd5+ Ke6 34.Nc7+ Kf5
35.Kc3 g5 36.Kc4 Bc6  0-1

[Event "FSIM June"]
[Site "Budapest HUN"]
[Date "2008.06.19"]
[Round "13"]
[White "Gao Rui"]
[Black "Farago,S"]
[Result "1-0"]
[WhiteElo "2139"]
[BlackElo "2240"]

1.e4 c5 2.Nf3 d6 3.d4 cxd4 4.Nxd4 Nf6 5.Nc3 a6 6.Be3 e6 7.g4 Be7 8.g5 Nfd7
9.h4 Nc6 10.Rg1 g6 11.h5 e5 12.Nb3 Nb6 13.Qf3 Be6 14.O-O-O Nc4 15.Bxc4 Bxc4
16.Nd5 Bxd5 17.exd5 Na5 18.Nd2 Qc7 19.Kb1 Rc8 20.c3 Nc4 21.Ne4 b5 22.hxg6 hxg6
23.Rh1 Rf8 24.Bc1 a5 25.b3 Nb6 26.Qe2 Qd7 27.f4 b4 28.c4 a4 29.fxe5 dxe5
30.d6 Bd8 31.c5 axb3 32.cxb6 Rc2 33.Rd2 bxa2+ 34.Ka1 Rxd2 35.Qxd2  1-0